Gattaccio randagio /
Guardat en:
| Autor principal: | |
|---|---|
| Format: | Llibre |
| Idioma: | italià |
| Publicat: |
Torino :
Giulio Einaudi,
1980
|
| Col·lecció: | Collezione di poesia ;
165 |
| Etiquetes: |
Sense etiquetes, Sigues el primer a etiquetar aquest registre!
|
MARC
| LEADER | 00000nam a22000007i 4500 | ||
|---|---|---|---|
| 001 | IT\ICCU\BRI\0002740 | ||
| 003 | ItRI | ||
| 005 | 20260115232351.0 | ||
| 008 | 900905s1980 it |||||| ||||| |||||c | ||
| 015 | |2 IT |a 82-8861 | ||
| 040 | |b ita |c importazione bologna sebina | ||
| 041 | 7 | |a ita |2 ISO-639-2 | |
| 082 | |a 851.9 |9 POESIA ITALIANA. 1900- |2 18 | ||
| 100 | 1 | |a Moretti, Stefano, |d (1952-2016) |0 IT\ICCU\BRIV\000699 |4 aut | |
| 240 | 1 | 0 | |a Gattaccio randagio |3 IT\ICCU\BVE\0913787 |9 Moretti, Stefano <1952-2016> |
| 245 | 1 | 0 | |a Gattaccio randagio / |c Stefano Moretti. |
| 260 | |a Torino : |b Giulio Einaudi, |c 1980 | ||
| 300 | |a 63 p. ; |c 19 cm. | ||
| 830 | 0 | |a Collezione di poesia ; |v 165 |0 IT\ICCU\CFI\0001372 | |
| 942 | |2 ddc |c BK |n 0 | ||
| 952 | |0 0 |1 0 |4 0 |6 DOC_851_914000000000000_MOR |7 0 |9 24919 |a BO |b BO |d 2026-01-15 |i 188 |l 0 |o DOC 851.914 MOR |p BO188 |r 2026-01-15 23:23:51 |w 2026-01-15 |x [Sebina 5] [1 v.] |y BK |z 1 v. | ||
| 999 | |c 21169 |d 21169 | ||